000 00339nam a2200133Ia 4500
008 160319s9999 xx 000 0 und d
245 _aDisney's Magic english /
300 _a1 videodisc :
300 _bsound, colored ;
300 _c4 3/4 in.
440 _vvol. 1 & 2
650 _aDiscovering Animals.
650 _aWelcoming Words.
999 _c292701
_d292701